Έρευνα & μετρικές μάρκετινγκ
Αποθηκεύτηκε σε:
| Κύριοι συγγραφείς: | , |
|---|---|
| Μορφή: | Βιβλίο |
| Γλώσσα: | Greek |
| Δημοσίευση: |
Κύπρος :
Broken Hill,
c2018.
|
| Θέματα: | |
| Ετικέτες: |
Προσθήκη ετικέτας
Δεν υπάρχουν, Καταχωρήστε ετικέτα πρώτοι!
|
MARC
| LEADER | 00000cam a2200000 a 4500 | ||
|---|---|---|---|
| 001 | 1/121916 | ||
| 008 | 200804tyyyy####gr | ||| |||| ||gre|| | ||
| 020 | |a 9789925563647 | ||
| 040 | |a GR-MyUa |b gre |c GR-MyUa |e AACR2 | ||
| 041 | 0 | |a gre | |
| 082 | 7 | |a 658.8 |2 (23) | |
| 100 | 1 | |a Σιώμκος, Γεώργιος Ι. |e aut | |
| 245 | 1 | 2 | |a Έρευνα & μετρικές μάρκετινγκ / |c Γεώργιος Ι. Σιώμκος, Δημήτριος Α. Μαύρος. |
| 260 | |a Κύπρος : |b Broken Hill, |c c2018. | ||
| 300 | |a 654 σ. : |b διαγρ., εικ., πίν. ; |c 29 εκ. | ||
| 504 | |a Περιλαμβάνει ευρετήριο. | ||
| 650 | 0 | |a Marketing |x Management. | |
| 650 | 0 | |a Marketing research. | |
| 650 | 0 | |a Sales management. | |
| 700 | 1 | |a Μαύρος, Δημήτρης Α. |e aut | |
| 852 | |a INST |b CHIOS |c EUDOXUS |e 20200804 |h 658.8 ΣΙΩ |p 005200039966 |q 005200039966 |t EDX |y 0 | ||
| 852 | |a INST |b CHIOS |c EUDOXUS |e 20200804 |h 658.8 ΣΙΩ |p 005200039967 |q 005200039967 |t EDX |y 0 | ||
| 852 | |a INST |b CHIOS |c EUDOXUS |e 20200804 |h 658.8 ΣΙΩ |p 005200039968 |q 005200039968 |t EDX |y 0 | ||
| 852 | |a INST |b CHIOS |c EUDOXUS |e 20200804 |h 658.8 ΣΙΩ |p 005200039969 |q 005200039969 |t EDX |y 0 | ||
| 920 | |a Εύδοξος |b Παραγγελία |y Χίος-ΤΔΕ |z 2020-07 | ||
| 970 | |a Παροικάκη |b Βασιλική |z 04/08/2020 | ||